ბათუმის შოთა რუსთაველის სახელმწიფო უნივერსიტეტის ბიბლიოთეკა

სამნიშნა საავტორო ტაბულები (ბიბ.ჩანაწერი № 52553)

000 -LEADER
fixed length control field 00722nam a2200217Ia 4500
001 - CONTROL NUMBER
control field 19577
003 - CONTROL NUMBER IDENTIFIER
control field GE_BSU
008 - FIXED-LENGTH DATA ELEMENTS--GENERAL INFORMATION
fixed length control field 181216s||||||||xx |||||||||||||| ||und||
040 ## - CATALOGING SOURCE
Transcribing agency GE_BSU
080 ## - UNIVERSAL DECIMAL CLASSIFICATION NUMBER
Universal Decimal Classification number 02
100 ## - MAIN ENTRY--PERSONAL NAME
Personal name თოთიბაძე, თ. მაჭავარიანი,თ. ხაბურძანია,ე.
245 ## - TITLE STATEMENT
Title სამნიშნა საავტორო ტაბულები
250 ## - EDITION STATEMENT
Edition statement მე-2 შესწ. გამოც.
260 ## - PUBLICATION, DISTRIBUTION, ETC.
Place of publication, distribution, etc. თბილისი
260 ## - PUBLICATION, DISTRIBUTION, ETC.
Date of publication, distribution, etc. 1954
300 ## - PHYSICAL DESCRIPTION
Extent 175გვ.
653 ## - INDEX TERM--UNCONTROLLED
Uncontrolled term სამნიშნა საავტორო ტაბულები
653 ## - INDEX TERM--UNCONTROLLED
Uncontrolled term ქსეროქსი
942 ## - ADDED ENTRY ELEMENTS (KOHA)
Koha item type წიგნი
ეგზემპლარები
Withdrawn status Lost status Damaged status Not for loan Date acquired Barcode Date last seen Price effective from Koha item type Public note
        2018-12-17 00396 ქსეროქსი 2018-12-17 2018-12-17 წიგნი ქსეროქსი